Statistics for NBA quiz for TROJ

Click here to take the quiz!

General Stats

  • This quiz has been taken 2 times
  • The average score is 2 of 5

Answer Stats

QuestionsAnswer% Correct
Who is 3rd in 3pts made?James Harden
100%
What team selected Donovan Mitchell in the draft?Denver Nuggets
50%
Who has the most All Star MVP's of all time?Kobe Bryant
50%
How long is a NBA court?91.86 Feet
0%
Who has the most 3pts in the Timberwolves FranchiseKevin Garnett
0%

Score Distribution

Percentile by Number Answered

Percent of People with Each Score

Your Score History

You have not taken this quiz